| 000 | 00994nam a22002177a 4500 | ||
|---|---|---|---|
| 005 | 20210604154028.0 | ||
| 008 | s2550 th ||||| |||| 00| 0 tha d | ||
| 020 | _a9789740951216 | ||
| 040 | _aNALT | ||
| 050 |
_aRS 73.K7 _bก282ภ 2550 |
||
| 100 | 0 |
_aกฤษณา ไกรสินธุ์ _932825 |
|
| 245 | 1 | 0 |
_aเภสัชกรยิปซี / _cกฤษณา ไกรสินธุ์. |
| 250 | _aพิมพ์ครั้งที่ 2 | ||
| 260 |
_aกรุงเทพฯ : _bลิปส์ พับลิชชิ่ง, _c2550. |
||
| 300 |
_a203 หน้า : _bภาพประกอบ ; _c21 ซม. |
||
| 600 | 0 | 4 |
_aกฤษณา ไกรสินธุ์ _xชีวประวัติ _932826 |
| 650 | 0 |
_aเภสัชกร _zไทย _xชีวประวัติ _932828 |
|
| 850 | _aNALT | ||
| 942 |
_cGB _2lcc |
||
| 998 |
_j109 _k อารีรัตน์ วิชาช่าง |
||
| 999 |
_c65340 _d65340 |
||